[Event "Pilsen Open 2023 - A INGEM IM Round Robin"]
[Site "Parkhotel Plzen ****, Plzen"]
[Date "2023.03.08"]
[Round "6"]
[Board "4"]
[White "Neuman, Petr"]
[Black "Bogdanov, Artyom"]
[Result "1/2-1/2"]
[WhiteElo "2389"]
[BlackElo "2180"]
[PlyCount "118"]
[EventDate "2023.03.04"]
[EventRounds "9"]
[EventCountry "CZE"]

1. d4 Nf6 2. Bg5 d5 3. e3 c5 4. Bxf6 exf6 5. dxc5 Bxc5 6. c3 O-O 7. Nf3 Nc6 8. Be2
Be6 9. Nbd2 Qe7 10. Nb3 Bb6 11. O-O Rac8 12. Nbd4 Rfd8 13. Re1 g6 14. Bb5 Ne5 15.
Qe2 Qc5 16. Rad1 a6 17. Ba4 Nc4 18. Bb3 f5 19. Rd3 Na5 20. Red1 Qe7 21. g3 Nc4 22.
Kg2 Qf6 23. h3 Ba7 24. Nh2 Bb8 25. Nhf3 Ba7 26. h4 h6 27. Rh1 Bb8 28. Rdd1 Bd7 29.
Ne1 Re8 30. Nd3 a5 31. a3 Red8 32. Qf3 Kg7 33. Bc2 Be6 34. Bb1 Rh8 35. Qe2 g5 36.
hxg5 hxg5 37. Rxh8 Rxh8 38. Rh1 Rxh1 39. Kxh1 Nd6 40. Qh5 Ne4 41. Kg2 Bd6 42. f4
gxf4 43. Nxf4 Bxf4 44. gxf4 Nd6 45. b3 Qg6+ 46. Qxg6+ Kxg6 47. a4 Bd7 48. Bd3 Kf6
49. Kf3 Kg6 50. Kf2 Kf6 51. Ke1 Ke7 52. Kd2 Kd8 53. Kc2 Kc7 54. Kb2 Kb6 55. Ka3 Kc7
56. b4 b6 57. Kb3 Kb7 58. Ka3 Kc7 59. Kb3 Kb7  1/2-1/2

[Event "Pilsen Open 2023 - A INGEM IM Round Robin"]
[Site "Parkhotel Plzen ****, Plzen"]
[Date "2023.03.08"]
[Round "6"]
[Board "5"]
[White "Soucek, Petr"]
[Black "Flajsman, Pavel"]
[Result "1-0"]
[WhiteElo "2201"]
[BlackElo "2249"]
[PlyCount "73"]
[EventDate "2023.03.04"]
[EventRounds "9"]
[EventCountry "CZE"]

1. c4 e6 2. Nf3 Nf6 3. Nc3 Bb4 4. Qc2 O-O 5. e3 b6 6. a3 Bxc3 7. Qxc3 d6 8. Be2 Bb7
9. b3 Ne4 10. Qc2 Qf6 11. Bb2 Qg6 12. Rg1 Nd7 13. d3 Nec5 14. O-O-O a5 15. g4 f6
16. h4 b5 17. h5 Qe8 18. cxb5 Bd5 19. Nd2 a4 20. b4 Nb3+ 21. Kb1 Ra7 22. e4 Nxd2+
23. Qxd2 Bb3 24. Rc1 e5 25. f4 Bf7 26. d4 exd4 27. Qxd4 Nb6 28. f5 Qe5 29. g5 Re8
30. Bd3 Qxd4 31. Bxd4 Bxh5 32. gxf6 g6 33. Rc6 Rb7 34. Rgc1 Bf3 35. Rxc7 Rxc7 36.
Rxc7 Na8 37. Bc4+  1-0

[Event "Pilsen Open 2023 - A INGEM IM Round Robin"]
[Site "Parkhotel Plzen ****, Plzen"]
[Date "2023.03.09"]
[Round "7"]
[Board "1"]
[White "Flajsman, Pavel"]
[Black "Vojta, Jakub"]
[Result "0-1"]
[WhiteElo "2249"]
[BlackElo "2277"]
[PlyCount "102"]
[EventDate "2023.03.04"]
[EventRounds "9"]
[EventCountry "CZE"]

1. Nf3 Nf6 2. g3 b5 3. Bg2 Bb7 4. d4 e6 5. c4 bxc4 6. Qa4 Be7 7. Nbd2 O-O 8. Nxc4
a5 9. O-O Bc6 10. Qd1 a4 11. Bd2 Qc8 12. b4 Qa6 13. Na5 Bd5 14. a3 d6 15. Bg5 Qb5
16. Bxf6 Bxf6 17. Rc1 Na6 18. Re1 c5 19. e4 cxb4 20. exd5 Qxa5 21. axb4 Nxb4 22.
dxe6 fxe6 23. Bh3 Kh8 24. Bxe6 a3 25. Ra1 a2 26. Bb3 Qa3 27. Re3 Rfe8 28. Rxe8+ Rxe8
29. Nh4 Bxh4 30. gxh4 Qb2 31. Bxa2 Nxa2 32. Rb1 Nc3 33. Rxb2 Nxd1 34. Rc2 Kg8 35.
Kf1 Kf7 36. Rc6 Ke6 37. Rc7 Re7 38. d5+ Kf6 39. Rc2 Re5 40. Rd2 Nc3 41. Kg2 Nxd5
42. Kg3 Ke6 43. Ra2 Ne7 44. f4 Re3+ 45. Kg4 Kf6 46. Ra6 Nf5 47. h5 Rd3 48. Ra5 Nh6+
49. Kh4 d5 50. Ra6+ Kf5 51. h3 Rd4  0-1

[Event "Pilsen Open 2023 - A INGEM IM Round Robin"]
[Site "Parkhotel Plzen ****, Plzen"]
[Date "2023.03.09"]
[Round "7"]
[Board "2"]
[White "Bogdanov, Artyom"]
[Black "Soucek, Petr"]
[Result "1/2-1/2"]
[WhiteElo "2180"]
[BlackElo "2201"]
[PlyCount "120"]
[EventDate "2023.03.04"]
[EventRounds "9"]
[EventCountry "CZE"]

1. e4 c5 2. Nf3 d6 3. Bb5+ Nd7 4. d4 cxd4 5. Qxd4 a6 6. Bxd7+ Bxd7 7. c4 b5 8. cxb5
e5 9. Qd1 axb5 10. Nc3 h6 11. O-O Nf6 12. Nd5 Ra4 13. Be3 Nxd5 14. Qxd5 Qa8 15. Qxa8+
Rxa8 16. Rfd1 Be7 17. Nd2 O-O 18. f3 Rfc8 19. Rdc1 Be6 20. a3 d5 21. exd5 Bxd5 22.
Nf1 f5 23. Rxc8+ Rxc8 24. Rc1 Rxc1 25. Bxc1 Kf7 26. Kf2 Ke6 27. Ne3 Bb3 28. Ke2 Bc5
29. Bd2 h5 30. Bc3 g5 31. h3 f4 32. Nf1 Bc4+ 33. Ke1 Kf5 34. Nd2 Bd3 35. Nb3 Be3
36. Nd2 e4 37. Nxe4 Bxe4 38. fxe4+ Kxe4 39. Ke2 Bc5 40. Bg7 g4 41. hxg4 hxg4 42.
Bf6 f3+ 43. gxf3+ gxf3+ 44. Kf1 Kd3 45. Bg7 Kc2 46. Be5 Kb3 47. Bf6 Be3 48. Be5 Bc1
49. Kf2 Bxb2 50. Bc7 Kxa3 51. Kxf3 Ka2 52. Ba5 Kb3 53. Ke2 Bc3 54. Bc7 Ka2 55. Kd3
Bb4 56. Kc2 Bc5 57. Ba5 Ka3 58. Kb1 Kb3 59. Be1 Bb4 60. Bg3 Bc3  1/2-1/2

[Event "Pilsen Open 2023 - A INGEM IM Round Robin"]
[Site "Parkhotel Plzen ****, Plzen"]
[Date "2023.03.09"]
[Round "7"]
[Board "4"]
[White "Shagbazyan, Taron"]
[Black "Michalek, Jan"]
[Result "1/2-1/2"]
[WhiteElo "2409"]
[BlackElo "2259"]
[PlyCount "88"]
[EventDate "2023.03.04"]
[EventRounds "9"]
[EventCountry "CZE"]

1. d4 Nf6 2. Nf3 d6 3. Bf4 Nbd7 4. e3 Nh5 5. Bg5 h6 6. Bh4 g5 7. Bg3 Bg7 8. Bd3 e6
9. Nfd2 Ndf6 10. Qe2 Bd7 11. Nc3 Qe7 12. Nc4 Nxg3 13. hxg3 e5 14. dxe5 dxe5 15. e4
O-O-O 16. O-O-O h5 17. Kb1 Be6 18. Qe3 Rd4 19. Qxg5 Rg8 20. Nxe5 Bh8 21. Qe3 Bxa2+
22. Nxa2 Qxe5 23. c3 Ra4 24. Bc2 Ra5 25. Rd2 Qe6 26. Nc1 Ng4 27. Qe2 Qb6 28. Nb3
Rb5 29. Qc4 Ne5 30. Qa4 Nc6 31. Rd5 Rg5 32. Rhd1 a6 33. Rxg5 Rxg5 34. Rd5 Bf6 35.
Rxg5 Bxg5 36. f4 Qg1+ 37. Nc1 Be7 38. Qc4 Qxg2 39. Qxf7 Qxg3 40. Qxh5 Qxf4 41. Qe8+
Bd8 42. Nd3 Qf1+ 43. Ka2 Qe2 44. Bb1 Qd1  1/2-1/2

[Event "Pilsen Open 2023 - A INGEM IM Round Robin"]
[Site "Parkhotel Plzen ****, Plzen"]
[Date "2023.03.09"]
[Round "7"]
[Board "5"]
[White "Ashwath, R."]
[Black "Levitan, Caleb Levi"]
[Result "1-0"]
[WhiteElo "2281"]
[BlackElo "2007"]
[PlyCount "75"]
[EventDate "2023.03.04"]
[EventRounds "9"]
[EventCountry "CZE"]

1. Nf3 Nf6 2. c4 e6 3. g3 d5 4. Bg2 dxc4 5. Qa4+ Bd7 6. Qxc4 c5 7. O-O Bc6 8. Qc2
Nbd7 9. a4 Be7 10. Na3 O-O 11. Nc4 Qc7 12. d3 Nd5 13. e4 Nb4 14. Qb3 e5 15. Ne1 Nb6
16. Ne3 a5 17. Nf5 Bf6 18. f4 Qd7 19. Bh3 Bxa4 20. Qc3 Qc7 21. Nf3 exf4 22. e5 N4d5
23. Qe1 Bd8 24. gxf4 Bd7 25. Qg3 Bxf5 26. Bxf5 Kh8 27. Kh1 Ne7 28. Bxh7 Kxh7 29.
Qh3+ Kg8 30. f5 Qc6 31. Rg1 Bc7 32. Rxg7+ Kxg7 33. f6+ Kg8 34. fxe7 Rfe8 35. Bf4
f6 36. Rg1+ Kf7 37. e6+ Qxe6 38. Qh7#  1-0

[Event "Pilsen Open 2023 - A INGEM IM Round Robin"]
[Site "Parkhotel Plzen ****, Plzen"]
[Date "2023.03.10"]
[Round "8"]
[Board "1"]
[White "Vojta, Jakub"]
[Black "Levitan, Caleb Levi"]
[Result "1/2-1/2"]
[WhiteElo "2277"]
[BlackElo "2007"]
[PlyCount "31"]
[EventDate "2023.03.04"]
[EventRounds "9"]
[EventCountry "CZE"]

1. e4 c5 2. Nf3 e6 3. c4 Nc6 4. d4 cxd4 5. Nxd4 Nf6 6. Nc3 Bc5 7. Nxc6 dxc6 8. Qxd8+
Kxd8 9. Bf4 e5 10. O-O-O+ Ke7 11. Bxe5 Ng4 12. Bxg7 Rg8 13. Bd4 Bxd4 14. Rxd4 Nxf2
15. Rg1 Nh3 16. Rh1  1/2-1/2

[Event "Pilsen Open 2023 - A INGEM IM Round Robin"]
[Site "Parkhotel Plzen ****, Plzen"]
[Date "2023.03.10"]
[Round "8"]
[Board "2"]
[White "Michalek, Jan"]
[Black "Ashwath, R."]
[Result "1/2-1/2"]
[WhiteElo "2259"]
[BlackElo "2281"]
[PlyCount "29"]
[EventDate "2023.03.04"]
[EventRounds "9"]
[EventCountry "CZE"]

1. e4 e5 2. Nf3 Nc6 3. Bc4 Bc5 4. c3 Nf6 5. d4 exd4 6. cxd4 Bb4+ 7. Nbd2 Nxe4 8.
d5 Ne7 9. O-O Nxd2 10. Nxd2 Bxd2 11. Bxd2 d6 12. Re1 O-O 13. Qh5 Ng6 14. Bd3 Bd7
15. Rac1  1/2-1/2

[Event "Pilsen Open 2023 - A INGEM IM Round Robin"]
[Site "Parkhotel Plzen ****, Plzen"]
[Date "2023.03.10"]
[Round "8"]
[Board "3"]
[White "Neuman, Petr"]
[Black "Shagbazyan, Taron"]
[Result "1/2-1/2"]
[WhiteElo "2389"]
[BlackElo "2409"]
[PlyCount "43"]
[EventDate "2023.03.04"]
[EventRounds "9"]
[EventCountry "CZE"]

1. e4 e5 2. Nf3 Nc6 3. Nc3 Nf6 4. d4 exd4 5. Nxd4 Bb4 6. Nxc6 bxc6 7. Bd3 d5 8. exd5
cxd5 9. Qe2+ Qe7 10. Qxe7+ Kxe7 11. O-O c6 12. Ne2 Bd7 13. Nd4 Rhe8 14. Bf4 Kf8 15.
c3 Bc5 16. Rfd1 a5 17. h3 h6 18. Rac1 Kg8 19. Bb1 Ba7 20. Kf1 Bb8 21. Be3 a4 22.
b4  1/2-1/2

[Event "Pilsen Open 2023 - A INGEM IM Round Robin"]
[Site "Parkhotel Plzen ****, Plzen"]
[Date "2023.03.10"]
[Round "8"]
[Board "4"]
[White "Soucek, Petr"]
[Black "Plischki, Sebastian"]
[Result "1/2-1/2"]
[WhiteElo "2201"]
[BlackElo "2325"]
[PlyCount "66"]
[EventDate "2023.03.04"]
[EventRounds "9"]
[EventCountry "CZE"]

1. c4 Nf6 2. Nc3 g6 3. e4 d6 4. d4 Bg7 5. Be3 O-O 6. h3 Nbd7 7. Nf3 e5 8. d5 Nc5
9. Nd2 a5 10. Be2 Bd7 11. Qc2 c6 12. g4 a4 13. f3 Ne8 14. h4 cxd5 15. cxd5 f5 16.
gxf5 gxf5 17. O-O-O f4 18. Bxc5 dxc5 19. Kb1 Kh8 20. Nb5 Bxb5 21. Bxb5 Nd6 22. Be2
Ra5 23. Nc4 Nxc4 24. Qxc4 Qd6 25. Rc1 Bf6 26. h5 Rg8 27. Qc3 b6 28. Rcg1 Rg5 29.
Rxg5 Bxg5 30. Rg1 h6 31. a3 Kg7 32. Ka1 Kf6 33. Kb1 Kg7  1/2-1/2

[Event "Pilsen Open 2023 - A INGEM IM Round Robin"]
[Site "Parkhotel Plzen ****, Plzen"]
[Date "2023.03.10"]
[Round "8"]
[Board "5"]
[White "Flajsman, Pavel"]
[Black "Bogdanov, Artyom"]
[Result "1/2-1/2"]
[WhiteElo "2249"]
[BlackElo "2180"]
[PlyCount "120"]
[EventDate "2023.03.04"]
[EventRounds "9"]
[EventCountry "CZE"]

1. e4 e5 2. Nf3 Nc6 3. Bb5 a6 4. Bxc6 dxc6 5. O-O Bg4 6. h3 h5 7. d3 Qf6 8. Be3 Bxf3
9. Qxf3 Qxf3 10. gxf3 Bd6 11. Nd2 Ne7 12. Rfb1 c5 13. a3 Nc6 14. c3 O-O-O 15. Kf1
Rd7 16. Ke2 Rhd8 17. Rd1 Be7 18. Nf1 a5 19. b4 cxb4 20. axb4 b6 21. bxa5 Nxa5 22.
f4 exf4 23. Bxf4 f5 24. exf5 Bf6 25. d4 Kb7 26. Ne3 c5 27. Rdb1 Kc6 28. dxc5 Kxc5
29. Nd1 Nc4 30. Be3+ Nxe3 31. fxe3 Rd2+ 32. Kf3 R8d5 33. Kf4 Be5+ 34. Ke4 Bc7 35.
Ra7 Bd6 36. Nb2 Re5+ 37. Kf3 Rxf5+ 38. Ke4 Re5+ 39. Kf3 b5 40. e4 Rg5 41. e5 Bxe5
42. Ke3 Rh2 43. Ke4 Rxh3 44. Nd3+ Kb6 45. Rd7 Rh4+ 46. Kd5 Bxc3+ 47. Ke6 Re4+ 48.
Kf7 Rd4 49. Rxd4 Bxd4 50. Rb4 Bc3 51. Rh4 Ka5 52. Ke6 b4 53. Rc4 Rg3 54. Nc1 Ka4
55. Kd5 Ka3 56. Rc7 Kb2 57. Ne2 g5 58. Nxg3 b3 59. Nxh5 Kc2 60. Ng3 b2  1/2-1/2

[Event "Pilsen Open 2023 - A INGEM IM Round Robin"]
[Site "Parkhotel Plzen ****, Plzen"]
[Date "2023.03.11"]
[Round "9"]
[Board "1"]
[White "Bogdanov, Artyom"]
[Black "Vojta, Jakub"]
[Result "1/2-1/2"]
[WhiteElo "2180"]
[BlackElo "2277"]
[PlyCount "28"]
[EventDate "2023.03.04"]
[EventRounds "9"]
[EventCountry "CZE"]

1. e4 e6 2. d4 d5 3. Nd2 Nf6 4. e5 Nfd7 5. Bd3 c5 6. c3 b6 7. Ne2 Ba6 8. Bxa6 Nxa6
9. O-O Nc7 10. f4 f5 11. exf6 Nxf6 12. Nf3 Bd6 13. Ng3 O-O 14. Qe2 g6  1/2-1/2

[Event "Pilsen Open 2023 - A INGEM IM Round Robin"]
[Site "Parkhotel Plzen ****, Plzen"]
[Date "2023.03.11"]
[Round "9"]
[Board "2"]
[White "Plischki, Sebastian"]
[Black "Flajsman, Pavel"]
[Result "1-0"]
[WhiteElo "2325"]
[BlackElo "2249"]
[PlyCount "123"]
[EventDate "2023.03.04"]
[EventRounds "9"]
[EventCountry "CZE"]

1. d4 Nf6 2. c4 e6 3. Nc3 Bb4 4. Qc2 b6 5. e4 Bb7 6. Bd3 d5 7. cxd5 exd5 8. e5 Ne4
9. Nge2 Nxc3 10. bxc3 Be7 11. O-O c5 12. Nf4 c4 13. Be2 O-O 14. g3 Na6 15. Ng2 Nc7
16. Ne3 Bc8 17. f4 f5 18. a4 Be6 19. Ba3 Bxa3 20. Rxa3 a6 21. Bf3 Qd7 22. Ra2 b5
23. Rfa1 Rab8 24. axb5 Rxb5 25. Rb2 Rfb8 26. Rxb5 Rxb5 27. Bd1 g6 28. Qc1 Rb6 29.
Qa3 Kf7 30. Bc2 Qc6 31. Kf2 Qb7 32. Ke2 Nb5 33. Qa5 Nc7 34. Kd2 Rb5 35. Qa3 Rb6 36.
h3 Rb2 37. g4 fxg4 38. hxg4 Qb3 39. Kc1 Qxa3 40. Rxa3 Rb6 41. Ra1 Bd7 42. Kd2 Rb2
43. f5 Kg7 44. Rf1 Ba4 45. Kc1 Ra2 46. Bxa4 Rxa4 47. Kb2 Ra5 48. e6 gxf5 49. Nxf5+
Kf6 50. e7 Rb5+ 51. Kc2 Rb8 52. Rh1 Kg5 53. Rxh7 Kxg4 54. Nd6 Rg8 55. Rf7 Kh5 56.
Rf8 Rg2+ 57. Kd1 Rg1+ 58. Ke2 Rg2+ 59. Kf1 Rc2 60. Rc8 Kg4 61. Rxc7 Kf3 62. Ke1  1-0

[Event "Pilsen Open 2023 - A INGEM IM Round Robin"]
[Site "Parkhotel Plzen ****, Plzen"]
[Date "2023.03.11"]
[Round "9"]
[Board "5"]
[White "Levitan, Caleb Levi"]
[Black "Michalek, Jan"]
[Result "0-1"]
[WhiteElo "2007"]
[BlackElo "2259"]
[PlyCount "118"]
[EventDate "2023.03.04"]
[EventRounds "9"]
[EventCountry "CZE"]

1. e4 c5 2. Nf3 Nc6 3. Bb5 g6 4. O-O Bg7 5. Re1 Nf6 6. c3 O-O 7. d4 d5 8. e5 Ne4
9. Nbd2 Nxd2 10. Bxd2 Qb6 11. Bxc6 Qxc6 12. Bg5 f6 13. exf6 exf6 14. Bf4 g5 15. Bg3
c4 16. Nd2 Bd7 17. Qh5 Rae8 18. f4 Rxe1+ 19. Rxe1 Be8 20. Qf3 Qd7 21. f5 Bf7 22.
Nf1 Rd8 23. h4 h6 24. hxg5 hxg5 25. Bh2 Re8 26. Rxe8+ Qxe8 27. Ne3 Qb5 28. Qe2 Bf8
29. Bb8 Qe8 30. Bc7 Bh5 31. Qf2 Qe4 32. Nf1 Qb1 33. Kh2 Qxa2 34. Ne3 Bf7 35. Qf3
Qa6 36. Qg3 Qc6 37. Ng4 Bh5 38. Bb8 Be7 39. Qh3 Qe8 40. Bc7 Bxg4 41. Qxg4 Qd7 42.
Bg3 b5 43. Kg1 Bf8 44. Qf3 a5 45. Be1 Qf7 46. g4 b4 47. Bd2 Bd6 48. Qd1 Qe8 49. Qf3
Qe4 50. Kf2 Qxf3+ 51. Kxf3 b3 52. Ke2 a4 53. Kd1 Kf7 54. Be3 Ke8 55. Bd2 Kd7 56.
Be3 Bf4 57. Bc1 Kc6 58. Bd2 a3 59. Bc1 Bxc1  0-1

[Event "Pilsen Open 2023 - B FIDE open"]
[Site "Parkhotel Plzen ****, Plzen"]
[Date "2023.03.04"]
[Round "1"]
[Board "1"]
[White "Sorm, Daniel"]
[Black "Hackbarth, Christa"]
[Result "1-0"]
[WhiteElo "2322"]
[BlackElo "1726"]
[PlyCount "53"]
[EventDate "2023.03.04"]
[EventRounds "9"]
[EventCountry "CZE"]

1. d4 d5 2. Nf3 Nf6 3. c4 c6 4. Nc3 e6 5. Qc2 Be7 6. g3 Nbd7 7. Bg2 b6 8. O-O Bb7
9. Rd1 Rc8 10. e4 O-O 11. e5 Ne8 12. cxd5 cxd5 13. Bf1 g6 14. Bh6 Ng7 15. Qd2 Re8
16. Bd3 Nf5 17. Bxf5 exf5 18. Rac1 Nf8 19. Bg5 Ne6 20. Bxe7 Qxe7 21. Nb5 Rxc1 22.
Rxc1 Rc8 23. Nd6 Rxc1+ 24. Qxc1 Ba6 25. Kg2 Kg7 26. Qc6 Nc7 27. Qxc7  1-0

[Event "Pilsen Open 2023 - B FIDE open"]
[Site "Parkhotel Plzen ****, Plzen"]
[Date "2023.03.04"]
[Round "1"]
[Board "2"]
[White "O`Connell, Denis"]
[Black "Kulkarni, Bhakti"]
[Result "0-1"]
[WhiteElo "1723"]
[BlackElo "2303"]
[PlyCount "64"]
[EventDate "2023.03.04"]
[EventRounds "9"]
[EventCountry "CZE"]

1. e4 d5 2. Nc3 dxe4 3. Nxe4 Nf6 4. Nxf6+ exf6 5. d4 Bd6 6. Nf3 O-O 7. Be2 Re8 8.
O-O Bg4 9. h3 Bh5 10. g4 Bg6 11. Bd3 Nd7 12. Nh4 c6 13. Nf5 Bc7 14. Qf3 Nf8 15. Be3
Ne6 16. Rad1 Bxf5 17. Bxf5 Qd6 18. Qg2 Nf4 19. Bxf4 Qxf4 20. Qg3 Qxg3+ 21. fxg3 Re3
22. Rd3 Rae8 23. Rf3 Re1+ 24. Rf1 Rxf1+ 25. Kxf1 g6 26. Rf3 gxf5 27. Rxf5 Bxg3 28.
Rxf6 Bh4 29. Rd6 Re1+ 30. Kg2 Re2+ 31. Kf3 Rxc2 32. Rh6 Be7  0-1

[Event "Pilsen Open 2023 - B FIDE open"]
[Site "Parkhotel Plzen ****, Plzen"]
[Date "2023.03.04"]
[Round "1"]
[Board "3"]
[White "Heinzel, Olaf"]
[Black "Burda, Otto"]
[Result "1-0"]
[WhiteElo "2284"]
[BlackElo "1719"]
[PlyCount "53"]
[EventDate "2023.03.04"]
[EventRounds "9"]
[EventCountry "CZE"]

1. d4 d5 2. Bf4 c6 3. e3 Nf6 4. Nd2 Bf5 5. c4 dxc4 6. Bxc4 e6 7. Ngf3 Nbd7 8. h3
h6 9. O-O Nb6 10. Qb3 Be7 11. Rfe1 O-O 12. e4 Bh7 13. Bd3 Nfd7 14. Rad1 a5 15. a3
a4 16. Qc2 Rc8 17. Qb1 Re8 18. Nf1 g5 19. Bd2 Bd6 20. Ne3 Bf4 21. g3 Bd6 22. Bc3
Bf8 23. Kg2 Qc7 24. h4 f6 25. e5 Bxd3 26. Qxd3 Bg7 27. exf6  1-0

[Event "Pilsen Open 2023 - B FIDE open"]
[Site "Parkhotel Plzen ****, Plzen"]
[Date "2023.03.04"]
[Round "1"]
[Board "4"]
[White "Hadac, Pavel"]
[Black "Wojtczak, Maciej"]
[Result "0-1"]
[WhiteElo "1712"]
[BlackElo "2242"]
[PlyCount "48"]
[EventDate "2023.03.04"]
[EventRounds "9"]
[EventCountry "CZE"]

1. d4 Nf6 2. Nf3 g6 3. c4 Bg7 4. Nc3 O-O 5. e4 d6 6. Be2 c5 7. d5 a6 8. O-O b5 9.
cxb5 axb5 10. Bxb5 Ba6 11. Re1 Bxb5 12. Nxb5 Nbd7 13. a3 Qa5 14. Nc3 Rfb8 15. Rb1
Ng4 16. Bd2 Qa6 17. h3 Nge5 18. Nxe5 Nxe5 19. Na2 Nd3 20. Qe2 Nxb2 21. Rxb2 Bxb2
22. Nc1 c4 23. Rd1 Qxa3 24. Bh6 Bxc1  0-1

[Event "Pilsen Open 2023 - B FIDE open"]
[Site "Parkhotel Plzen ****, Plzen"]
[Date "2023.03.04"]
[Round "1"]
[Board "5"]
[White "Zubova, Mariya"]
[Black "Nagly, Wojciech"]
[Result "1-0"]
[WhiteElo "2226"]
[BlackElo "1690"]
[PlyCount "59"]
[EventDate "2023.03.04"]
[EventRounds "9"]
[EventCountry "CZE"]

1. e4 c5 2. Nf3 Nc6 3. Bb5 g6 4. O-O Bg7 5. c3 d6 6. d4 cxd4 7. cxd4 Bd7 8. Nc3 a6
9. Ba4 Nf6 10. Re1 O-O 11. h3 b5 12. Bb3 b4 13. Na4 Qc7 14. e5 dxe5 15. dxe5 Ne8
16. Bf4 Rd8 17. Qe2 Nd4 18. Nxd4 Bxa4 19. e6 Qxf4 20. exf7+ Kh8 21. Ne6 Qb8 22. Bxa4
Rxf7 23. Nxd8 Qxd8 24. Rad1 Nd6 25. Bb3 Rf8 26. Qxe7 Qb6 27. Qxd6 Qxf2+ 28. Kh1 Bxb2
29. Re2 Qxe2 30. Qxf8#  1-0

[Event "Pilsen Open 2023 - B FIDE open"]
[Site "Parkhotel Plzen ****, Plzen"]
[Date "2023.03.04"]
[Round "1"]
[Board "6"]
[White "Berka, Lubos"]
[Black "Simet, Martin"]
[Result "1/2-1/2"]
[WhiteElo "1688"]
[BlackElo "2201"]
[PlyCount "120"]
[EventDate "2023.03.04"]
[EventRounds "9"]
[EventCountry "CZE"]

1. e4 c6 2. d4 d5 3. exd5 cxd5 4. Bd3 Nc6 5. c3 Nf6 6. Bf4 Bg4 7. Qb3 Qd7 8. Nd2
a6 9. Ngf3 g6 10. h3 Bf5 11. Bxf5 gxf5 12. Ne5 Qc8 13. Ndf3 Rg8 14. g3 e6 15. O-O-O
Ne4 16. Rhf1 Bd6 17. Kb1 b5 18. Nd3 Be7 19. Nd2 Na5 20. Qc2 Nc4 21. Nxe4 fxe4 22.
Ne5 Ra7 23. Nxc4 bxc4 24. Qa4+ Qd7 25. Qxd7+ Kxd7 26. b4 a5 27. bxa5 Rxa5 28. Rd2
Ba3 29. Ka1 Rga8 30. Rb1 Kc6 31. Rc2 f6 32. Re2 R5a6 33. Rc2 Bd6 34. Bxd6 Kxd6 35.
Rb7 R8a7 36. Rcb2 e5 37. Rxa7 Rxa7 38. Rb6+ Ke7 39. dxe5 fxe5 40. Rh6 Kf8 41. Re6
Rf7 42. Rxe5 Rxf2 43. Kb1 Rf3 44. Rxd5 Rxc3 45. Re5 Re3 46. a4 Kf7 47. Rc5 Rxg3 48.
Rxc4 e3 49. Kc2 Ke6 50. Kd3 Rxh3 51. Re4+ Kd5 52. Rxe3 Rh4 53. a5 Ra4 54. Ke2 Rxa5
55. Kf2 Kd4 56. Re8 Rg5 57. Re1 h5 58. Rg1 Rf5+ 59. Kg3 Rg5+ 60. Kh2 Rxg1  1/2-1/2

[Event "Pilsen Open 2023 - B FIDE open"]
[Site "Parkhotel Plzen ****, Plzen"]
[Date "2023.03.04"]
[Round "1"]
[Board "7"]
[White "Eret, Jonas"]
[Black "Soutner, Jaroslav"]
[Result "1-0"]
[WhiteElo "2196"]
[BlackElo "1685"]
[PlyCount "61"]
[EventDate "2023.03.04"]
[EventRounds "9"]
[EventCountry "CZE"]

1. d4 Nf6 2. Nf3 d5 3. Bf4 c5 4. e3 e6 5. c3 Nc6 6. Nbd2 cxd4 7. exd4 Bd6 8. Bg3
Bxg3 9. hxg3 b6 10. Bb5 Bd7 11. Bd3 h6 12. Qe2 Qc7 13. Ne5 Nxe5 14. dxe5 Ng8 15.
g4 O-O-O 16. Nf3 Ne7 17. a4 Bc6 18. Nd4 Kd7 19. f4 g6 20. Kd2 Ra8 21. Rh3 Qb7 22.
f5 a6 23. f6 Nc8 24. Qe3 b5 25. Nb3 Qb6 26. Nc5+ Kc7 27. a5 Qb8 28. Rxh6 Rf8 29.
Rh7 Kd8 30. Qh6 Ke8 31. Qxf8+  1-0

[Event "Pilsen Open 2023 - B FIDE open"]
[Site "Parkhotel Plzen ****, Plzen"]
[Date "2023.03.04"]
[Round "1"]
[Board "8"]
[White "Pozniak, Yunna"]
[Black "Folk, Petr"]
[Result "0-1"]
[WhiteElo "1685"]
[BlackElo "2132"]
[PlyCount "70"]
[EventDate "2023.03.04"]
[EventRounds "9"]
[EventCountry "CZE"]

1. e4 c5 2. c3 Nf6 3. e5 Nd5 4. d4 cxd4 5. Nf3 Nc6 6. cxd4 d6 7. Bc4 dxe5 8. Bxd5
Qxd5 9. Nc3 Qd6 10. d5 Nd4 11. Nxd4 exd4 12. Qxd4 e5 13. Qe4 f5 14. Qe2 Kf7 15. O-O
Bd7 16. Re1 a6 17. Bd2 Re8 18. a3 Qg6 19. Qc4 Bd6 20. b4 Rhf8 21. b5 e4 22. bxa6
bxa6 23. Rab1 Kg8 24. Rb7 Rf7 25. Rb3 Rfe7 26. Qf1 f4 27. Ne2 e3 28. Bb4 f3 29. Bxd6
fxe2 30. Rxe2 exf2+ 31. Rxf2 Qxd6 32. Rb1 Bb5 33. Qd1 h6 34. h3 Re5 35. Rd2 Rd8  0-1

[Event "Pilsen Open 2023 - B FIDE open"]
[Site "Parkhotel Plzen ****, Plzen"]
[Date "2023.03.04"]
[Round "1"]
[Board "9"]
[White "Wiley, Tom E"]
[Black "Tegda, Vojtech"]
[Result "1-0"]
[WhiteElo "2125"]
[BlackElo "1673"]
[PlyCount "59"]
[EventDate "2023.03.04"]
[EventRounds "9"]
[EventCountry "CZE"]

1. d4 d5 2. c4 c6 3. Nf3 Nf6 4. e3 Bf5 5. Nc3 e6 6. Nh4 Bg6 7. Qb3 Qb6 8. Nxg6 hxg6
9. Bd2 Nbd7 10. Be2 Be7 11. h3 g5 12. O-O-O O-O 13. Qxb6 axb6 14. cxd5 exd5 15. Bd3
Rfc8 16. Kb1 c5 17. Bf5 Rc7 18. Bc1 g6 19. Bg4 Ra5 20. dxc5 Raxc5 21. Bf3 b5 22.
Nxd5 Nxd5 23. Rxd5 Bf6 24. Rhd1 b4 25. Bg4 Ne5 26. Rxc5 Rxc5 27. Be2 Kf8 28. Bd2
Nc6 29. Bf3 Be7 30. Rc1  1-0

[Event "Pilsen Open 2023 - B FIDE open"]
[Site "Parkhotel Plzen ****, Plzen"]
[Date "2023.03.05"]
[Round "2"]
[Board "1"]
[White "Korth, Manfred, Dr."]
[Black "Sorm, Daniel"]
[Result "0-1"]
[WhiteElo "1944"]
[BlackElo "2322"]
[PlyCount "46"]
[EventDate "2023.03.04"]
[EventRounds "9"]
[EventCountry "CZE"]

1. e4 c5 2. Be2 Nc6 3. f4 g6 4. Nf3 Bg7 5. c3 d5 6. d3 d4 7. O-O Nf6 8. Qe1 b6 9.
c4 Nb4 10. Na3 Ng4 11. h3 Ne3 12. Bxe3 dxe3 13. Qb1 Bd4 14. Nc2 Nxc2 15. Qxc2 O-O
16. Rad1 Bb7 17. Kh1 Qc7 18. Qc1 Rad8 19. Ne1 f5 20. e5 g5 21. fxg5 Qxe5 22. Nf3
Qg3 23. Rg1 Bxf3  0-1

[Event "Pilsen Open 2023 - B FIDE open"]
[Site "Parkhotel Plzen ****, Plzen"]
[Date "2023.03.05"]
[Round "2"]
[Board "2"]
[White "Kulkarni, Bhakti"]
[Black "Vlk, Miloslav"]
[Result "1-0"]
[WhiteElo "2303"]
[BlackElo "1945"]
[PlyCount "73"]
[EventDate "2023.03.04"]
[EventRounds "9"]
[EventCountry "CZE"]

1. d4 d5 2. Nf3 Nf6 3. c3 e6 4. Bf4 c5 5. e3 Nc6 6. Nbd2 Be7 7. Ne5 O-O 8. Bd3 Nd7
9. Ndf3 Ndxe5 10. Nxe5 Nxe5 11. dxe5 f5 12. h4 b6 13. g4 d4 14. gxf5 exf5 15. Bc4+
Kh8 16. Qf3 Rb8 17. Bd5 d3 18. Rg1 d2+ 19. Kd1 b5 20. Bh6 g6 21. Bxf8 Bxf8 22. Ke2
b4 23. c4 Qe7 24. Qg3 Bg7 25. f4 Be6 26. Rad1 Bxd5 27. cxd5 c4 28. Rxd2 c3 29. bxc3
bxc3 30. Rc2 Rb2 31. Rxb2 cxb2 32. Qe1 Bxe5 33. fxe5 Qxe5 34. Qb4 Qh2+ 35. Kd3 Kg7
36. Rb1 Qg2 37. Qxb2+  1-0

[Event "Pilsen Open 2023 - B FIDE open"]
[Site "Parkhotel Plzen ****, Plzen"]
[Date "2023.03.05"]
[Round "2"]
[Board "3"]
[White "Weijers, Ralf"]
[Black "Heinzel, Olaf"]
[Result "1/2-1/2"]
[WhiteElo "1890"]
[BlackElo "2284"]
[PlyCount "52"]
[EventDate "2023.03.04"]
[EventRounds "9"]
[EventCountry "CZE"]

1. e4 d5 2. exd5 Qxd5 3. Nc3 Qa5 4. Bc4 Nf6 5. d3 c6 6. Bd2 Qc7 7. f4 Bg4 8. Nf3
e6 9. h3 Bxf3 10. Qxf3 g6 11. O-O-O Bg7 12. g4 Nd5 13. f5 Nxc3 14. Bxc3 Bxc3 15.
bxc3 Nd7 16. fxe6 fxe6 17. Qe3 e5 18. Rhf1 Qa5 19. Qg5 Qa3+ 20. Kd2 Qe7 21. Qxe7+
Kxe7 22. Rf7+ Kd6 23. Rdf1 b5 24. Bb3 a5 25. a3 Raf8 26. Ke3 Rxf7  1/2-1/2